000 00968nam a2200313 i 4500
003 DO-SdBNP
005 20240626090945.0
007 ta
008 240626b1981 xxu || 000 0 eng d
020 _a0523411545
040 _aDO-SdBNP
_bspa
_cBNPHU
_erda
082 4 _bP487
_222
100 1 _aPetievich, Gerald
_eautor
_985746
245 1 0 _aMoney men /
_b
_cGerald Petievich
264 1 _aNew York, Estados Unidos :
_bPinnacle books,
_c1981.
264 3 _c1982
300 _a214 páginas :
_c17 cm.
336 _2rdacontent
_atexto
_btxt
337 _2rdamedia
_asin mediación
_bn
338 _2rdacarrier
_avolumen
_bnc
490 1 _aFicción
_v02
500 _aPrimera reimpresión, enero 1982.
590 _aInventariado, 2024/ YL
650 4 _aJuicios (asesinato)
_zRoma.
_985814
650 4 _aOraciones forenses.
_985815
650 4 _aDiscursos, discursos, etc., latín
_vTraducciones al inglés.
_985816
910 _aYLockward
942 _2ddc
_cLBS1
999 _c56997
_d56997